Robinson Crusoe /
Guardado en:
| Autor Principal: | |
|---|---|
| Formato: | Libro |
| Publicado: |
Santiago :
Andrés Bello,
2018.
|
| Edición: | 5a reimp. |
| Materias: | |
| Etiquetas: |
Agregar Etiqueta
Sin Etiquetas, Sea el primero en etiquetar este registro!
|
| LEADER | 00563nam a22002055a 4500 | ||
|---|---|---|---|
| 001 | CEM.cems019055 | ||
| 008 | 220426s2018##################000#0#####d | ||
| 005 | 20260616160708.0 | ||
| 245 | 1 | 0 | |a Robinson Crusoe / |c Daniel Defoe. |
| 250 | |a 5a reimp. | ||
| 260 | |a Santiago : |b Andrés Bello, |c 2018. | ||
| 300 | |a 301 p. | ||
| 020 | |a 9561318326 | ||
| 100 | 1 | |a Defoe, Daniel. | |
| 653 | |a Literatura | ||
| 653 | |a Literatura Inglesa | ||
| 653 | |a Novelas | ||
| 653 | |a Narrativa | ||
| 653 | |a Novela Inglesa | ||
| 859 | |a CEMS |b BIB. CEMS - 11 de abril |h 823.9LS2 |i D362 |p 29297.22 |t Ej. 1 | ||
